Atlas d'anatomie / (Record no. 4658)
[ view plain ]
| 000 -LEADER | |
|---|---|
| fixed length control field | 01403cam a2200433 a 4500 |
| 001 - CONTROL NUMBER | |
| control field | 6076998 |
| 003 - CONTROL NUMBER IDENTIFIER | |
| control field | CaAEU |
| 005 - DATE AND TIME OF LATEST TRANSACTION | |
| control field | 20220325111033.0 |
| 008 - FIXED-LENGTH DATA ELEMENTS--GENERAL INFORMATION | |
| fixed length control field | 091022s2009 gw a f f 001 0 fre d |
| 016 7# - NATIONAL BIBLIOGRAPHIC AGENCY CONTROL NUMBER | |
| Record control number | FRBNF420770730000001 |
| Source | FrPBN |
| 020 ## - INTERNATIONAL STANDARD BOOK NUMBER | |
| International Standard Book Number | 9782852069459 |
| 035 ## - SYSTEM CONTROL NUMBER | |
| System control number | ocn495253631 |
| 040 ## - CATALOGING SOURCE | |
| Original cataloging agency | ZWZ |
| Description conventions | ncafnor |
| Language of cataloging | fre |
| Transcribing agency | ZWZ |
| Modifying agency | MUQ |
| -- | CNCBE |
| -- | BDF |
| -- | AEUSJ |
| 041 1# - LANGUAGE CODE | |
| Language code of text/sound track or separate title | fre |
| Language code of original | ger |
| 049 ## - LOCAL HOLDINGS (OCLC) | |
| Holding library | UABA |
| 050 #4 - LIBRARY OF CONGRESS CALL NUMBER | |
| Classification number | QM25 |
| Item number | .S63 1994 |
| 082 #4 - DEWEY DECIMAL CLASSIFICATION NUMBER | |
| Classification number | 612 |
| 090 ## - LOCALLY ASSIGNED LC-TYPE CALL NUMBER (OCLC); LOCAL CALL NUMBER (RLIN) | |
| Local cutter number (OCLC) ; Book number/undivided call number, CALL (RLIN) | AEUSJ |
| 100 1# - MAIN ENTRY--PERSONAL NAME | |
| Personal name | R. Putz and R. Pabst (ed.) |
| 240 10 - UNIFORM TITLE | |
| Uniform title | Sobotta: Atlas d'anatomie humaine |
| Language of a work | French |
| 245 10 - TITLE STATEMENT | |
| Title | Atlas d'anatomie / |
| Statement of responsibility, etc. | édité par R. Putz et R. Pabst. |
| 246 14 - VARYING FORM OF TITLE | |
| Title proper/short title | Atlas d'anatomie : |
| Remainder of title | organes, systèmes et structures |
| 250 ## - EDITION STATEMENT | |
| Edition statement | 3e éd. française |
| 260 ## - PUBLICATION, DISTRIBUTION, ETC. | |
| Place of publication, distribution, etc. | Paris : |
| Name of publisher, distributor, etc. | Éditions médicales internationales, |
| Date of publication, distribution, etc. | 1994. |
| 300 ## - PHYSICAL DESCRIPTION | |
| Extent | v, 400 p. : |
| Other physical details | ill. en coul. ; |
| Dimensions | 34 cm. |
| 336 ## - CONTENT TYPE | |
| Content type term | text |
| Content type code | txt |
| Source | rdacontent |
| 337 ## - MEDIA TYPE | |
| Media type term | unmediated |
| Media type code | n |
| Source | rdamedia |
| 338 ## - CARRIER TYPE | |
| Carrier type term | volume |
| Carrier type code | nc |
| Source | rdacarrier |
| 440 ## - SERIES STATEMENT/ADDED ENTRY--TITLE | |
| Title | Sobotta |
| 500 ## - GENERAL NOTE | |
| General note | "Sobotta, l'art et l'expertise"--Couv. |
| 500 ## - GENERAL NOTE | |
| General note | "Plus de 600 illustrations"--Couv. |
| 504 ## - BIBLIOGRAPHY, ETC. NOTE | |
| Bibliography, etc. note | Glossaire. Index. |
| 600 ## - SUBJECT ADDED ENTRY--PERSONAL NAME | |
| Source of heading or term | Anatomie humaine -- Atlas. |
| 600 ## - SUBJECT ADDED ENTRY--PERSONAL NAME | |
| Source of heading or term | Human Anatomy |
| 650 #6 - SUBJECT ADDED ENTRY--TOPICAL TERM | |
| Topical term or geographic name entry element | Anatomie humaine |
| Form subdivision | Atlas. |
| 650 #6 - SUBJECT ADDED ENTRY--TOPICAL TERM | |
| Topical term or geographic name entry element | Anatomie humaine |
| Form subdivision | Guides, manuels, etc. |
| 942 ## - ADDED ENTRY ELEMENTS (KOHA) | |
| Source of classification or shelving scheme | |
| Koha item type | Book |
| Suppress in OPAC | JO |
| 949 ## - LOCAL PROCESSING INFORMATION (OCLC) | |
| a | QM 25 S6314 2009 folio |
| c | 1 |
| h | UABS-B |
| i | 0162031432022 |
| Withdrawn status | Lost status | Source of classification or shelving scheme | Damaged status | Not for loan | Permanent Location | Current Location | Shelving location | Date acquired | Source of acquisition | Total Checkouts | Full call number | Barcode | Date last seen | Price effective from | Koha item type | Public note |
|---|---|---|---|---|---|---|---|---|---|---|---|---|---|---|---|---|
| AU LIBRARY | AU LIBRARY | Open Shelf | 25.03.2022 | DONATION FROM MOI UNIVERSITY | QM25 .S63 1994 | 28007056 | 25.03.2022 | 25.03.2022 | Book | JO |